[Event "FIDE Chess.com Grand Swiss"]
[Site "Douglas"]
[Date "2019.10.14"]
[Round "5"]
[White "Grischuk, Alexander"]
[Black "Cheparinov, Ivan"]
[Result "1-0"]
[WhiteElo "2759"]
[BlackElo "2670"]
[PlyCount "83"]
[EventDate "2019.10.10"]
[EventType "swiss"]
[EventRounds "11"]
[EventCountry "IOM"]
[SourceTitle "CBM 193"]
[Source "ChessBase"]
[SourceDate "2019.12.31"]
[SourceVersion "1"]
[SourceVersionDate "2019.12.31"]
[SourceQuality "1"]

1. Nf3 c5 2. e4 d6 3. c3 Nf6 4. g3 g6 5. Bg2 Bg7 6. O-O O-O 7. Re1 Nc6 8. d3 e5 9. a4 h6 10. Na3 d5 11. exd5 Nxd5 12. Nc4 Re8 13. a5 ({RR} 13. d4 exd4 14. Rxe8+ Qxe8 15. cxd4 cxd4 16. Nxd4 Nxd4 17. Bxd5 Be6 18. Nd6 Qd7 19. Bxe6 Qxe6 20. Nb5 Rd8 21. Be3 Nc6 22. Qe2 a6 23. Nc3 Qb3 24. Ra3 Qb4 25. Qc2 Qg4 26. Qe4 Qh3 27. Ra1 h5 {Liu,E (2322)-Ivic,V (2622) chess.com INT 2024 0-1 (42)}) 13... Rb8 14. Qa4 Bf5 $146 ({RR} 14... Nc7 15. Be3 Na6 16. Nfd2 Bd7 17. Qa3 Be6 18. Rad1 Bd5 19. Bf1 Nd4 20. cxd4 cxd4 21. Bxd4 exd4 22. Qd6 Rxe1 23. Rxe1 Qxd6 24. Nxd6 Bf8 25. N6c4 Nb4 26. Rd1 Kg7 27. Nb3 Bf3 28. Rd2 Nc6 29. Bg2 {Pancevski,F (2432)-Simic,D (2348) Vrnjacka Banja 2009 ½-½ (56)}) 15. Nfd2 Bxd3 16. Ne4 Bxe4 17. Bxe4 Re7 18. Ne3 Nf6 19. Bxc6 bxc6 20. Qxc6 Rc8 21. Qa4 e4 22. Rd1 Rd7 23. Rxd7 Qxd7 24. Qxd7 Nxd7 25. Nc4 Ne5 26. Nxe5 Bxe5 27. a6 Rb8 28. Ra2 Rb3 29. Bxh6 Bd6 30. h4 f6 31. Be3 Kf7 32. Ra5 Rxb2 33. Bxc5 Bxc5 34. Rxc5 Ra2 35. Rc6 Ra3 36. g4 f5 37. g5 f4 38. Rf6+ Kg7 39. Rxf4 e3 40. fxe3 Rxa6 41. Kf2 Rc6 42. Ra4 1-0

[Event "Wch U20 58th"]
[Site "New Delhi"]
[Date "2019.10.21"]
[Round "7"]
[White "Shtembuliak, Evgeny"]
[Black "Hakobyan, Aram"]
[Result "1-0"]
[WhiteElo "2577"]
[BlackElo "2561"]
[PlyCount "105"]
[EventDate "2019.10.15"]
[EventType "swiss"]
[EventRounds "11"]
[EventCountry "IND"]
[SourceTitle "CBM 192 Extra"]
[Source "Chessbase"]
[SourceDate "2019.11.06"]
[SourceVersion "1"]
[SourceVersionDate "2019.11.06"]
[SourceQuality "1"]

1. g3 d5 2. Nf3 g6 3. Bg2 Bg7 4. O-O e5 5. d3 Ne7 6. e4 Nbc6 7. Nc3 O-O 8. exd5 Nxd5 9. Nxd5 Qxd5 10. Re1 Qd8 $146 ({RR} 10... Qd6 11. Bd2 Bg4 12. Bc3 Rae8 13. h3 Bc8 14. Qd2 f5 15. Re2 Nd4 16. Bxd4 exd4 17. Rae1 Rxe2 18. Rxe2 c5 19. Qa5 Qb6 20. Qxb6 axb6 21. Ng5 Bf6 22. Ne6 Re8 23. Nf4 Rxe2 24. Nxe2 Be5 25. Bd5+ {Aranda,J (2102)-Mao,F (2132) chess.com INT 2024 1-0 (35)}) ({RR} 10... Qd6 11. Bd2 Bg4 12. Bc3 Rae8 13. h3 Bc8 14. Qd2 f5 15. Re2 Nd4 16. Bxd4 exd4 17. Rae1 Rxe2 18. Rxe2 c5 19. Qa5 Qb6 20. Qxb6 axb6 21. Ng5 Bf6 22. Ne6 Re8 23. Nf4 Rxe2 24. Nxe2 Be5 25. Bd5+ {Aranda,J (2102)-Mao,F (2132) chess.com INT 2024 1-0 (35)}) 11. Bg5 f6 12. Bd2 Bg4 13. h3 Be6 14. Bc3 Bd5 15. b4 Qd7 16. b5 Nd8 17. a4 Re8 18. Bb2 Nf7 19. h4 Rad8 20. Qe2 Bf8 21. c4 Be6 22. d4 Bb4 23. Red1 e4 24. Nh2 Bh3 25. c5 Bxg2 26. Kxg2 h5 27. Nf1 Nh6 28. Qc4+ Qd5 29. Qxd5+ Rxd5 30. Ne3 Rd7 31. a5 Red8 32. Ra4 Bxc5 33. dxc5 Rxd1 34. Bxf6 R8d3 35. Nxd1 Rxd1 36. Rxe4 Rd5 37. Bg5 Nf5 38. Re8+ Kf7 39. Rb8 Rxc5 40. Rxb7 Nd6 41. Rxa7 Nxb5 42. Ra8 Nd6 43. Be3 Rc2 44. a6 Nf5 45. Bf4 c5 46. Kf3 c4 47. a7 Ra2 48. Ke4 c3 49. Kd3 c2 50. Kc3 Nd4 51. Kxd4 Ra4+ 52. Kd3 Rxf4 53. Kxc2 1-0

[Event "RUS-ch blitz"]
[Site "Sochi"]
[Date "2019.10.17"]
[Round "10"]
[White "Savchenko, Boris"]
[Black "Zakhartsov, Vladimir"]
[Result "1-0"]
[WhiteElo "2581"]
[BlackElo "2514"]
[PlyCount "65"]
[EventDate "2019.10.17"]
[EventType "swiss (blitz)"]
[EventRounds "15"]
[EventCountry "RUS"]
[SourceTitle "CBM 192 Extra"]
[Source "Chessbase"]
[SourceDate "2019.11.06"]
[SourceVersion "1"]
[SourceVersionDate "2019.11.06"]
[SourceQuality "1"]

1. e4 c5 2. Nf3 d6 3. c3 Nf6 4. g3 g6 5. Bg2 Bg7 6. O-O O-O 7. Re1 Nc6 8. d3 Bg4 9. h3 Bxf3 10. Bxf3 Nd7 11. a4 a6 12. Bg2 Rb8 13. Nd2 ({RR} 13. f4 Qc7 14. Be3 Rfc8 15. Nd2 b5 16. axb5 axb5 17. Nf3 b4 18. d4 bxc3 19. bxc3 cxd4 20. cxd4 Nb4 {½-½ (20) Zvolanek,L (2131)-Kubos,R (2082) Czech Republic CZE 2025}) 13... b5 14. axb5 axb5 15. Nf1 $146 ({RR} 15. Qc2 Qc7 16. Nf1 b4 17. Be3 Rb7 18. Nd2 Rfb8 19. f4 bxc3 20. bxc3 Rb2 21. Qc1 Na5 22. Bf3 e6 23. Ra3 f5 24. Qa1 Nc6 25. exf5 gxf5 26. Nc4 R2b3 27. Bd2 Nd4 28. Qd1 Rb1 29. Qxb1 Nxf3+ {Orel,O (2313)-Sebenik,M (2194) Kranj 1999 0-1 (39)}) 15... b4 16. e5 Qc7 17. exd6 exd6 18. Ne3 Nb6 19. Bd2 Rfe8 20. Ra6 Ne5 21. Qc2 b3 22. Qb1 c4 23. d4 Nd3 24. Rd1 Qd7 25. Rxb6 Rxb6 26. Nxc4 Qf5 27. Be3 Rxe3 28. fxe3 Qf2+ 29. Kh2 Qc2 30. Nxb6 Bh6 31. Nc4 d5 32. Nd2 Bxe3 33. Nxb3 1-0

[Event "EU-chT 22nd"]
[Site "Batumi"]
[Date "2019.11.02"]
[Round "9.3"]
[White "Pantsulaia, Levan"]
[Black "Van Foreest, Jorden"]
[Result "1-0"]
[WhiteElo "2603"]
[BlackElo "2621"]
[PlyCount "109"]
[EventDate "2019.10.24"]
[EventType "team-swiss"]
[EventRounds "9"]
[EventCountry "GEO"]
[SourceTitle "CBM 193"]
[Source "ChessBase"]
[SourceDate "2019.12.31"]
[SourceVersion "1"]
[SourceVersionDate "2019.12.31"]
[SourceQuality "1"]
[WhiteTeam "Georgia"]
[BlackTeam "Netherlands"]
[WhiteTeamCountry "GEO"]
[BlackTeamCountry "NED"]

1. Nf3 d5 2. g3 g6 3. c4 dxc4 4. Na3 Be6 5. Bg2 Bg7 6. O-O Bd5 7. Qc2 Nf6 8. Nxc4 Nc6 9. b3 Bxf3 $146 ({RR} 9... Be4 10. Qd1 b5 11. Nb2 Nd5 12. d3 Nc3 13. Qe1 Bxf3 14. Bxf3 Nd4 15. Bh6 Ncxe2+ 16. Bxe2 Bxh6 17. Nd1 O-O 18. Rb1 a5 19. Ne3 Ra6 20. Bd1 Re6 21. Qxa5 Bxe3 22. fxe3 Rxe3 23. Qd2 Nf5 24. Be2 {Bora,S (2176)-Girish,A (2413) Al Ain 2013 0-1}) 10. Bxf3 Nd4 11. Qd3 Nxf3+ 12. Qxf3 Qd5 13. Qxd5 Nxd5 14. Rb1 c5 15. Bb2 O-O 16. Rfc1 Rfd8 17. Kf1 h5 18. a3 Rac8 19. e3 Bxb2 20. Rxb2 Kg7 21. Ke2 b6 22. Rbc2 Rc6 23. Ne5 Re6 24. Nf3 Red6 25. d4 cxd4 26. Nxd4 Nf6 27. Rc7 R8d7 28. b4 Ne4 29. f3 Nf6 30. R1c2 Nd5 31. Rxd7 Rxd7 32. e4 Nc7 33. Rd2 Kf8 34. Nc6 Rxd2+ 35. Kxd2 a6 36. Ne5 Ke8 37. h4 Ne6 38. Ke3 Nf8 39. Kd4 f6 40. Nc4 b5 41. Ne3 g5 42. Kc5 Nd7+ 43. Kc6 Ne5+ 44. Kb7 Nxf3 45. Kxa6 Nd4 46. Kb6 Kd7 47. Kc5 Ne2 48. g4 hxg4 49. h5 Ng3 50. h6 Nxe4+ 51. Kxb5 g3 52. h7 Nd6+ 53. Ka6 Nf7 54. b5 Kc8 55. Ka7 1-0

[Event "Cap d'Agde Karpov Trophy"]
[Site "Cap d'Agde"]
[Date "2019.10.29"]
[Round "12"]
[White "Amin, Bassem"]
[Black "Sarana, Alexey"]
[Result "1-0"]
[WhiteElo "2699"]
[BlackElo "2655"]
[PlyCount "187"]
[EventDate "2019.10.25"]
[EventType "tourn (rapid)"]
[EventRounds "14"]
[EventCountry "FRA"]
[EventCategory "14"]
[SourceTitle "CBM 192 Extra"]
[Source "Chessbase"]
[SourceDate "2019.11.06"]
[SourceVersion "1"]
[SourceVersionDate "2019.11.06"]
[SourceQuality "1"]

1. e4 c5 2. Nf3 d6 3. g3 Nf6 4. c3 g6 5. Bg2 Bg7 6. O-O O-O 7. Re1 e5 8. d3 Nc6 9. a3 b5 10. h3 a5 ({RR} 10... Rb8 11. Be3 a5 12. a4 b4 13. Nbd2 h6 14. Rc1 Re8 15. d4 bxc3 16. bxc3 exd4 17. cxd4 Nb4 18. Nc4 Nxe4 19. dxc5 Na2 20. Nxd6 Nxd6 21. Rc2 Bf5 22. Rxa2 Nc4 23. Qxd8 Rbxd8 24. c6 Rc8 25. Nd2 {Amin,B (2686)-Giri,A (2764) Chess.com INT 2020 1-0 (53)}) 11. a4 ({RR} 11. Be3 a4 12. d4 Qe7 13. Nbd2 Nd7 14. d5 Na5 15. c4 bxc4 16. Qxa4 Nb6 17. Qc2 Bd7 18. Nh4 Rfb8 19. Bf1 Rb7 20. Rab1 Qd8 21. Nxc4 Nbxc4 22. Bxc4 Nxc4 23. Qxc4 Qb8 24. Qc1 Bxh3 25. Nf3 Bd7 {Mazurkiewicz,M (2263)-Kacprzak,K (2298) England ENG 2025 ½-½ (39)}) 11... b4 12. Bg5 ({RR} 12. Be3 Rb8 13. Nbd2 Re8 14. Rc1 Ba6 15. d4 bxc3 16. bxc3 cxd4 17. cxd4 Nb4 18. Nc4 Nxe4 19. dxe5 d5 20. Nb2 Na2 21. Rc6 Nb4 22. Rc1 Na2 23. Rc6 Rxb2 24. Rxa6 Nb4 25. Ra7 Nc6 26. Qc1 Rb6 {Amin,B (2686)-Jones,G (2670) Playchess.com INT 2020 0-1 (38)}) 12... h6 $146 ({RR} 12... Be6 13. Nbd2 h6 14. Bxf6 Bxf6 15. Nc4 Rb8 16. Nfd2 Qd7 17. h4 Bg7 18. h5 f5 19. exf5 gxf5 20. f4 bxc3 21. bxc3 d5 22. Nxe5 Nxe5 23. fxe5 f4 24. Qf3 Rb2 25. Nf1 fxg3 26. Qxg3 Rf5 27. Rab1 {Amin,B (2694)-Navara,D (2689) Biel SUI 2023 0-1 (36)}) ({RR} 12... Be6 13. Nbd2 h6 14. Bxf6 Bxf6 15. Nc4 Rb8 16. Nfd2 Qd7 17. h4 Bg7 18. h5 f5 19. exf5 gxf5 20. f4 bxc3 21. bxc3 d5 22. Nxe5 Nxe5 23. fxe5 f4 24. Qf3 Rb2 25. Nf1 fxg3 26. Qxg3 Rf5 27. Rab1 {Amin,B (2694)-Navara,D (2689) Biel SUI 2023 0-1 (36)}) 13. Bxf6 Qxf6 14. Nbd2 Be6 15. Nc4 Qd8 16. Nfd2 Rb8 17. Ne3 h5 18. Ndc4 Bh6 19. Qe2 h4 20. g4 Bf4 21. Nd5 Bg5 22. Rad1 Re8 23. Nce3 Ne7 24. c4 b3 25. Nc3 Nc6 26. Nb5 Nd4 27. Qd2 Bf4 28. Qc3 Qd7 29. Qxa5 Ra8 30. Qc7 Red8 31. Qxd7 Rxd7 32. Nc3 Rda7 33. Rb1 Kf8 34. Kf1 Bd7 35. Ned5 Bc6 36. Nb5 Bxd5 37. exd5 Rd7 38. Nxd4 exd4 39. Ra1 Rda7 40. Bf3 Bd2 41. Reb1 Ba5 42. Bd1 Rb8 43. Ra3 Rab7 44. Kg2 Kg7 45. g5 f6 46. gxf6+ Kxf6 47. Bg4 Bb4 48. Raa1 Ra7 49. Bf3 Kg5 50. Be4 Rf8 51. Rg1 Kh6 52. Kf1 g5 53. Ke2 Raf7 54. Rg2 Ba5 55. Rag1 Rf4 56. f3 Rg8 57. Rg4 Rxg4 58. fxg4 Rf8 59. Bf5 Re8+ 60. Be6 Rf8 61. Bf5 Kg7 62. Be4 Ra8 63. Rf1 Bc3 64. Rb1 Bb4 65. Ra1 Kf6 66. Rf1+ Ke7 67. Ra1 Ba5 68. Bf5 Bc3 69. Rb1 Bb4 70. Ra1 Kd8 71. Kd1 Kc7 72. a5 Bxa5 73. Ra3 Kb6 74. Bd7 Ra7 75. Be6 Re7 76. Ke2 Re8 77. Kf3 Ra8 78. Ke2 Ra7 79. Kf3 Rb7 80. Ke4 Bb4 81. Rxb3 Ka5 82. Kf5 Ka4 83. Rxb4+ cxb4 84. c5 Kb3 85. cxd6 Kxb2 86. d7 Rb8 87. d6 Rf8+ 88. Ke5 Kc3 89. Bc4 b3 90. Bxb3 Kxb3 91. Ke6 Rh8 92. Ke7 Rh7+ 93. Kd8 Kc3 94. Kc8 1-0

[Event "Karpov Trophy final"]
[Site "Cap d'Agde"]
[Date "2019.10.31"]
[Round "1.1"]
[White "Amin, Bassem"]
[Black "Bacrot, Etienne"]
[Result "1-0"]
[WhiteElo "2699"]
[BlackElo "2671"]
[PlyCount "112"]
[EventDate "2019.10.31"]
[EventType "k.o. (rapid)"]
[EventRounds "2"]
[EventCountry "FRA"]
[SourceTitle "CBM 192 Extra"]
[Source "Chessbase"]
[SourceDate "2019.11.06"]
[SourceVersion "1"]
[SourceVersionDate "2019.11.06"]
[SourceQuality "1"]

1. Nf3 d5 2. g3 Nf6 3. Bg2 e6 4. O-O Be7 5. d3 O-O 6. Nbd2 a5 7. e4 a4 8. a3 Nc6 9. e5 Nd7 10. Re1 f6 11. exf6 Bxf6 12. Nf1 e5 13. Be3 Re8 14. c3 Nf8 15. d4 e4 16. N3d2 Ne7 $146 ({RR} 16... Bf5 17. f3 exf3 18. Qxf3 Be6 19. Bf2 Qd7 20. h3 Bf7 21. Ne3 Ne7 22. Ng4 Ra6 23. h4 h6 24. Bh3 Qd8 25. Be3 Nh7 26. Bf1 Rb6 27. Bd3 Bg6 28. Bf4 Rf8 29. Nf2 Bxd3 30. Nxd3 g5 31. hxg5 {Tempone,M (2330)-Aparicio,A (2310) Buenos Aires 1983 ½-½ (41)}) 17. f3 exf3 18. Nxf3 c6 19. Qd2 Neg6 20. Bg5 Rxe1 21. Rxe1 Bxg5 22. Nxg5 Bf5 23. h4 Qd7 24. Ne3 h6 25. Nxf5 Qxf5 26. Bh3 Qf6 27. Ne6 Re8 28. Nc5 Rxe1+ 29. Qxe1 b5 30. Qe3 Ne7 31. Nd3 Kf7 32. Kg2 Ke8 33. Qe5 Qxe5 34. Nxe5 Kd8 35. Kf3 Kc7 36. Kf4 Kd6 37. h5 Ne6+ 38. Bxe6 Kxe6 39. g4 Kf6 40. Kf3 Ke6 41. Ke3 Kf6 42. Kf4 g6 43. Nd7+ Ke6 44. Ne5 Kf6 45. Nd7+ Ke6 46. Nc5+ Kf6 47. Nd3 Ke6 48. Nb4 g5+ 49. Ke3 Kd6 50. Nd3 Nc8 51. Ne5 Nb6 52. Nf7+ Ke6 53. Nxh6 Nc4+ 54. Ke2 Nxb2 55. Nf5 Nc4 56. h6 Kf7 1-0

[Event "Karpov Trophy final"]
[Site "Cap d'Agde"]
[Date "2019.10.31"]
[Round "1.4"]
[White "Amin, Bassem"]
[Black "Bacrot, Etienne"]
[Result "1-0"]
[WhiteElo "2699"]
[BlackElo "2671"]
[PlyCount "103"]
[EventDate "2019.10.31"]
[EventType "k.o. (rapid)"]
[EventRounds "2"]
[EventCountry "FRA"]
[SourceTitle "CBM 192 Extra"]
[Source "Chessbase"]
[SourceDate "2019.11.06"]
[SourceVersion "1"]
[SourceVersionDate "2019.11.06"]
[SourceQuality "1"]

1. Nf3 d5 2. g3 Nf6 3. Bg2 e6 4. O-O Be7 5. d3 O-O 6. Re1 a5 ({RR} 6... Nc6 7. a3 a5 8. Nc3 e5 9. e4 dxe4 10. dxe4 Be6 11. Bg5 h6 12. Bxf6 Bxf6 13. Nd5 Nd4 14. Nxf6+ Qxf6 15. Nxd4 exd4 16. e5 Qd8 17. Bxb7 Rb8 18. Qf3 c5 19. b3 a4 20. b4 cxb4 21. axb4 {Amin,B (2684)-Nepomniachtchi,I (2779) chess.com INT 2023 0-1 (48)}) ({RR} 6... c5 7. Nc3 Nc6 8. e4 d4 9. Nb1 e5 10. a4 Be6 11. Na3 Nd7 12. Nd2 a6 13. h3 b5 14. Kh2 Nb6 15. axb5 axb5 16. Rb1 Ra5 17. Rf1 c4 18. dxc4 bxc4 19. Qe2 c3 20. Ndc4 Nxc4 21. Nxc4 {Gokhale,R (2079)-Makarian,R (2525) chess.com INT 2024 0-1 (34)}) 7. Bf4 Nc6 $146 ({RR} 7... h6 8. e4 dxe4 9. dxe4 Qxd1 10. Rxd1 Nxe4 11. Bxc7 Bc5 12. Nd4 Na6 13. Bxa5 f5 14. Nc3 e5 15. Nb3 Bxf2+ 16. Kh1 Nf6 17. Rf1 Ba7 18. Nd5 Nxd5 19. Bxd5+ Kh7 20. Rae1 Bb8 21. Bc3 Rd8 22. Bg2 {Papp,L (2391)-Motylev,A (2628) Hungary HUN 2022 ½-½ (31)}) ({RR} 7... h6 8. e4 dxe4 9. dxe4 Qxd1 10. Rxd1 Nxe4 11. Bxc7 Bc5 12. Nd4 Na6 13. Bxa5 f5 14. Nc3 e5 15. Nb3 Bxf2+ 16. Kh1 Nf6 17. Rf1 Ba7 18. Nd5 Nxd5 19. Bxd5+ Kh7 20. Rae1 Bb8 21. Bc3 Rd8 22. Bg2 {Papp,L (2391)-Motylev,A (2628) Hungary HUN 2022 ½-½ (31)}) 8. Nc3 d4 9. Nb5 Nd5 10. Bd2 e5 11. c4 Nf6 12. e3 dxe3 13. Bxe3 Bb4 14. Nc3 Re8 15. a3 Bf8 16. d4 exd4 17. Nxd4 Ne5 18. Ndb5 Bd7 19. Bf4 Nxc4 20. Bxc7 Qc8 21. Qd4 Nxb2 22. Reb1 Bxb5 23. Nxb5 Re7 24. Bd6 Re6 25. Bxf8 Qxf8 26. Rxb2 Rd8 27. Qc4 b6 28. Re2 Rc8 29. Qa2 Rxe2 30. Qxe2 h5 31. Rd1 Qc5 32. h3 Re8 33. Qb2 h4 34. g4 Qc4 35. Nd6 Qa4 36. Rc1 Rd8 37. Qxb6 Rd7 38. Qb8+ Kh7 39. Qb1+ g6 40. Nc4 Rc7 41. Ne3 Rd7 42. Qb2 Ne4 43. Rc4 Rd1+ 44. Nxd1 Qxc4 45. Bxe4 Qxe4 46. Ne3 Qf3 47. Qb3 Kg8 48. Qb8+ Kh7 49. Qa7 Kg8 50. Qxa5 Qxh3 51. Qa8+ Kg7 52. Qg2 1-0

[Event "Hamburg FIDE GP"]
[Site "Hamburg"]
[Date "2019.11.07"]
[Round "1.4"]
[White "Grischuk, Alexander"]
[Black "Wojtaszek, Radoslaw"]
[Result "1-0"]
[WhiteElo "2764"]
[BlackElo "2728"]
[PlyCount "101"]
[EventDate "2019.11.05"]
[EventType "k.o."]
[EventRounds "4"]
[EventCountry "GER"]
[SourceTitle "CBM 193"]
[Source "ChessBase"]
[SourceDate "2019.12.31"]
[SourceVersion "1"]
[SourceVersionDate "2019.12.31"]
[SourceQuality "1"]

1. Nf3 Nf6 2. g3 c5 3. Bg2 Nc6 4. O-O e5 5. d3 d5 6. e4 d4 7. a4 Bd6 8. Na3 h6 9. Nh4 g6 10. f4 exf4 11. gxf4 Ng4 $146 ({RR} 11... Nh5 12. Qe1 Be7 13. Nf3 Bg4 14. Nc4 Qc7 15. Nfe5 Nxe5 16. Nxe5 Be6 17. Bd2 Bd6 18. c3 Nxf4 19. Bxf4 Bxe5 20. Bxe5 Qxe5 21. Kh1 O-O 22. a5 Kg7 23. cxd4 Qxd4 24. e5 Bd5 25. Qg3 Rae8 26. Rae1 {Rohith,K (2380)-Dominguez Perez,L (2743) chess.com INT 2022 0-1 (34)}) ({RR} 11... Nh5 12. Qe1 Be7 13. Nf3 Bg4 14. Nc4 Qc7 15. Nfe5 Nxe5 16. Nxe5 Be6 17. Bd2 Bd6 18. c3 Nxf4 19. Bxf4 Bxe5 20. Bxe5 Qxe5 21. Kh1 O-O 22. a5 Kg7 23. cxd4 Qxd4 24. e5 Bd5 25. Qg3 Rae8 26. Rae1 {Rohith,K (2380)-Dominguez Perez,L (2743) chess.com INT 2022 0-1 (34)}) 12. Nf3 g5 13. e5 Be7 14. Qe2 gxf4 15. Bxf4 Rg8 16. Nc4 Be6 17. Kh1 Qd7 18. Nfd2 O-O-O 19. a5 Bd5 20. Ne4 Qe6 21. Rae1 Kb8 22. Ncd6 Ne3 23. Bxe3 dxe3 24. Qxe3 Nxe5 25. Nf5 Rg6 26. Re2 Ka8 27. Neg3 Bxg2+ 28. Rxg2 Bf8 29. a6 bxa6 30. Re1 f6 31. Qe4+ Qd5 32. Rf2 Qb7 33. Qxb7+ Kxb7 34. Ne4 c4 35. d4 Nc6 36. c3 Kc7 37. Ne3 a5 38. Ref1 a4 39. Nxc4 Be7 40. Ne3 a5 41. Ra1 a3 42. bxa3 a4 43. Rf5 Rb8 44. Nd5+ Kd7 45. Nb4 Nd8 46. Ra5 Rg4 47. Re1 Rb6 48. Ra7+ Rb7 49. Rxa4 Ne6 50. Ra6 Rb5 51. Rxe6 1-0

[Event "Titled Tuesday intern op 5th Nov"]
[Site "Chess.com INT"]
[Date "2019.11.05"]
[Round "10"]
[White "Jones, Gawain C B"]
[Black "Perez Ponsa, Federico"]
[Result "1-0"]
[WhiteElo "2663"]
[BlackElo "2560"]
[PlyCount "77"]
[EventDate "2019.11.05"]
[EventType "swiss (blitz)"]
[EventRounds "10"]
[EventCountry "USA"]
[SourceTitle "EXT 2021"]
[Source "ChessBase"]
[SourceDate "2020.10.23"]
[SourceVersion "1"]
[SourceVersionDate "2020.10.23"]
[SourceQuality "1"]

1. g3 d5 2. Nf3 c6 3. Bg2 Nf6 4. b3 g6 5. Bb2 Bg7 6. O-O O-O 7. d3 a5 8. a4 Na6 9. Nbd2 Nb4 10. Be5 Nd7 11. Bxg7 Kxg7 12. c3 Na6 13. d4 Nf6 $146 ({RR} 13... Nc7 14. e4 dxe4 15. Nxe4 Nd5 16. Qc2 N7f6 17. Nxf6 Nxf6 18. Rfe1 Bf5 19. Qb2 Be4 20. Rad1 Qd6 21. Ne5 {½-½ (21) Lukov,V (2435)-Velikov,P (2465) Sofia 1984}) 14. Ne5 Nd7 15. Nd3 Re8 16. e4 dxe4 17. Nxe4 Nf6 18. Re1 Nxe4 19. Bxe4 Qd6 20. h4 h5 21. Qc2 Nc7 22. Rad1 Bg4 23. Rd2 Rad8 24. Ne5 Bc8 25. Nc4 Qf6 26. Nxa5 g5 27. hxg5 Qxg5 28. Nc4 h4 29. f4 Qg4 30. Ne5 Qe6 31. gxh4 Rh8 32. Rg2+ Kf8 33. Bg6 f6 34. Bf7 Qf5 35. Ng6+ Kxf7 36. Rxe7+ Kg8 37. Qxf5 Bxf5 38. Nxh8+ Kxh8 39. Rxc7 1-0

[Event "EU-Cup 35th"]
[Site "Ulcinj"]
[Date "2019.11.12"]
[Round "3.3"]
[White "Rapport, Richard"]
[Black "Hammer, Jon Ludvig"]
[Result "1-0"]
[WhiteElo "2752"]
[BlackElo "2625"]
[PlyCount "105"]
[EventDate "2019.11.10"]
[EventType "team-swiss"]
[EventRounds "7"]
[EventCountry "MNE"]
[SourceTitle "CBM 193 Extra"]
[Source "ChessBase"]
[SourceDate "2020.01.31"]
[SourceVersion "1"]
[SourceVersionDate "2020.01.31"]
[SourceQuality "1"]
[WhiteTeam "Padova Obiettivo"]
[BlackTeam "Koge"]
[WhiteTeamCountry "ITA"]
[BlackTeamCountry "DEN"]

1. Nf3 d5 2. g3 g6 3. Bg2 Bg7 4. O-O e5 5. d3 Ne7 6. c4 c6 7. e4 dxe4 8. dxe4 Qxd1 9. Rxd1 Be6 10. b3 f6 11. Nc3 Kf7 $146 ({RR} 11... Nd7 12. Ba3 Bf8 13. Rd2 Ng8 14. Bxf8 Kxf8 15. Rad1 Ke7 16. Na4 Nh6 17. Ne1 Rhd8 18. Nc2 Nf8 19. Nc5 Rxd2 20. Rxd2 Bc8 21. b4 Nf7 22. b5 Ne6 23. Nb3 Nd6 24. bxc6 Nxc4 25. Rd3 bxc6 26. Nb4 {Maze,S (2279)-Dunis,A (2347) Marseille 2001 1-0 (72)}) ({RR} 11... Na6 12. Be3 h5 13. Ne1 h4 14. Nd3 hxg3 15. hxg3 Kf7 16. f4 exf4 17. gxf4 Rhd8 18. Kf2 Rd7 19. Nc5 Nxc5 20. Bxc5 b6 21. Rxd7 Bxd7 22. Be3 Bg4 23. Rh1 Rd8 24. Bf3 Bxf3 25. Kxf3 f5 26. e5 {Ding,L (2799)-Aronian,L (2782) chess24.com INT 2021 ½-½ (53)}) ({RR} 11... Na6 12. Be3 Kf7 13. Ne1 g5 14. a4 Ng6 15. a5 Bf8 16. Nd3 Be7 17. Na4 Nc7 18. Rd2 Rhd8 19. Rad1 Na6 20. Bf3 g4 21. Be2 f5 22. exf5 Bxf5 23. Ndc5 Rxd2 24. Rxd2 Nxc5 25. Nxc5 b6 26. axb6 {Praggnanandhaa,R (2661)-Duda,J (2740) Miami 2022 ½-½ (52)}) 12. Ne1 Na6 13. Nd3 Rhd8 14. Be3 Rd7 15. Rd2 Rad8 16. Rad1 h5 17. h3 b6 18. f4 Bh6 19. Kf1 h4 20. gxh4 exf4 21. Nxf4 Rxd2 22. Rxd2 Rxd2 23. Bxd2 Bd7 24. Ke2 Bg7 25. Nd3 c5 26. Nd5 Nc6 27. Bc3 Nab8 28. Kf2 Bc8 29. Kg3 Nd4 30. Bxd4 cxd4 31. h5 gxh5 32. Bf3 f5 33. Bxh5+ Kf8 34. Bg6 fxe4 35. Bxe4 Nd7 36. Kf4 Bh6+ 37. Kf3 Nc5 38. h4 Nxd3 39. Bxd3 Bb7 40. Ke4 Be3 41. Ke5 Bf2 42. h5 Kg7 43. Ne7 Kh6 44. Be4 Ba6 45. Bg6 b5 46. c5 d3 47. Kf4 Kg7 48. b4 Be1 49. a3 Bd2+ 50. Ke4 Bxb4 51. axb4 d2 52. Nf5+ Kh8 53. Ne3 1-0

[Event "Saint Louis Winter-A"]
[Site "Saint Louis"]
[Date "2019.11.10"]
[Round "1"]
[White "Gabuzyan, Hovhannes"]
[Black "Akobian, Varuzhan"]
[Result "1-0"]
[WhiteElo "2616"]
[BlackElo "2627"]
[PlyCount "55"]
[EventDate "2019.11.10"]
[EventType "tourn"]
[EventRounds "9"]
[EventCountry "USA"]
[EventCategory "16"]
[SourceTitle "EXT 2021"]
[Source "ChessBase"]
[SourceDate "2020.10.23"]
[SourceVersion "1"]
[SourceVersionDate "2020.10.23"]
[SourceQuality "1"]

1. Nf3 Nf6 2. g3 d5 3. Bg2 e6 4. O-O Be7 5. d3 c5 6. Nbd2 Nc6 7. Re1 e5 8. e4 d4 9. Nc4 Nd7 10. a4 O-O 11. Bh3 Qc7 12. a5 $146 ({RR} 12. Bd2 Nb6 13. Nxb6 Qxb6 14. Bxc8 Raxc8 15. a5 Qc7 16. Qe2 Qd7 17. Kg2 Rce8 18. Ng5 f6 19. Nh3 Bd8 20. g4 Bc7 21. Rg1 g6 22. f4 exf4 23. Nxf4 f5 24. gxf5 Rxf5 25. Qg4 Ne5 26. Qg3 Rf7 {Jenidarchiche,D (1815)-Molina,R (2434) Cuiaba 2021 0-1 (42)}) ({RR} 12. Bd2 Nb6 13. Nxb6 Qxb6 14. Bxc8 Raxc8 15. a5 Qc7 16. Qe2 Qd7 17. Kg2 Rce8 18. Ng5 f6 19. Nh3 Bd8 20. g4 Bc7 21. Rg1 g6 22. f4 exf4 23. Nxf4 f5 24. gxf5 Rxf5 25. Qg4 Ne5 26. Qg3 Rf7 {Jenidarchiche,D (1815)-Molina,R (2434) Cuiaba 2021 0-1 (42)}) 12... Nf6 13. Bf5 g6 14. Bxc8 Rfxc8 15. c3 b5 16. axb6 axb6 17. Rxa8 Rxa8 18. Qb3 Nd7 19. Bh6 Qa7 20. cxd4 cxd4 21. Rc1 Bc5 22. Nxb6 Rb8 23. Ng5 Nd8 24. Qd5 Bxb6 25. Qd6 Bc5 26. Rxc5 Qxc5 27. Qxd7 Qb5 28. Qe7 1-0

[Event "HUN-chT 1920"]
[Site "Hungary"]
[Date "2020.02.16"]
[Round "6.4"]
[White "Sedlak, Nikola"]
[Black "Gonda, Laszlo"]
[Result "1-0"]
[WhiteElo "2557"]
[BlackElo "2532"]
[PlyCount "79"]
[EventDate "2019.11.16"]
[EventType "team-tourn"]
[EventRounds "9"]
[EventCountry "HUN"]
[SourceTitle "CBM 195 Extra"]
[Source "ChessBase"]
[SourceDate "2020.05.31"]
[SourceVersion "1"]
[SourceVersionDate "2020.05.31"]
[SourceQuality "1"]
[WhiteTeam "Paks"]
[BlackTeam "Dunaharaszti"]
[WhiteTeamCountry "HUN"]
[BlackTeamCountry "HUN"]

1. e4 e5 2. Nf3 Nc6 3. g3 Nf6 4. d3 g6 5. Bg2 Bg7 6. O-O O-O 7. Re1 d5 8. exd5 Nxd5 9. Nc3 Nxc3 ({RR} 9... Be6 10. Ng5 Nxc3 11. bxc3 Bd5 12. Ba3 Bxg2 13. Kxg2 Qxg5 14. Bxf8 Rxf8 15. Rb1 b6 16. Qf3 Qf6 17. Qd5 Rd8 18. Qb5 a5 19. Re2 Qd6 20. Qa4 Qd5+ 21. f3 h5 22. Rbe1 Qc5 23. Qb3 Qd5 24. Qxd5 {Rakhmangulova,A (2323)-Mammadova,G (2351) FIDE Online Arena INT 2024 1-0 (41)}) 10. bxc3 Re8 11. Bg5 f6 $146 ({RR} 11... Qd7 12. Rb1 Rb8 13. d4 exd4 14. cxd4 Rxe1+ 15. Qxe1 Qe6 16. Bf4 Qxe1+ 17. Rxe1 Be6 18. c3 h6 19. Nd2 g5 20. Bxc7 Rc8 21. Bd6 Rd8 22. Bc5 Bxa2 23. Ra1 Be6 24. Ne4 b6 25. Ba3 Bd5 26. Nd6 {Bauer,C (2618)-Maze,S (2573) Saint Quentin 2015 ½-½ (47)}) 12. Be3 Be6 13. Qc1 Qd7 14. Bh6 Bh8 15. h4 Ne7 16. d4 exd4 17. Nxd4 Bd5 18. Bxd5+ Nxd5 19. Qa3 Bg7 20. Bxg7 Kxg7 21. c4 Nf4 22. Nf3 Ne2+ 23. Kh2 Rad8 24. Rad1 Qxd1 25. Rxd1 Rxd1 26. Qxa7 Re4 27. c5 Re7 28. Qxb7 Nd4 29. a4 Nxf3+ 30. Qxf3 Ra1 31. Qf4 h5 32. c6 Rd1 33. a5 Ra1 34. Qb4 Re2 35. Kg2 Ra2 36. Qb8 Re7 37. Qd8 Rf7 38. Qd5 Ra1 39. Qb5 Re7 40. a6 1-0